|
|
|
|
| LEADER |
00000naa0a2200000 4500 |
| 001 |
594170 |
| 005 |
20250203135902.0 |
| 035 |
|
|
|a (RuTPU)RU\TPU\tpu\8558
|
| 090 |
|
|
|a 594170
|
| 100 |
|
|
|a 20020515d1986 k y0rusy50 ca
|
| 101 |
0 |
|
|a rus
|
| 102 |
|
|
|a RU
|
| 200 |
1 |
|
|a Исследование влияния перемешивания на процесс растворения никелевого порошка в серной кислоте
|f В. Р. Риффель, И. В. Калмыкова
|
| 300 |
|
|
|a Деп. в ООНИИТЭХИМ, Г. Черкассы, 18.07.86, № 897-ХП-86
|
| 463 |
|
|
|t Методы исследования в химии и химической технологии
|o материлы научно-практической конференции (Томск, 20-22 мая 1986)
|o секция "Процессы, машины и аппараты химических производств"
|v С. 99-102
|d 1986
|
| 610 |
1 |
|
|a труды учёных ТПУ
|
| 700 |
|
1 |
|a Риффель
|b В. Р.
|c ХТФ
|f 1951-
|3 (RuTPU)RU\TPU\pers\3461
|
| 701 |
|
1 |
|a Калмыкова
|b И. В.
|c ХТФ
|3 (RuTPU)RU\TPU\pers\3462
|
| 801 |
|
1 |
|a RU
|b 63413507
|c 20020515
|g PSBO
|
| 801 |
|
2 |
|a RU
|b 63413507
|c 20100126
|g PSBO
|
| 942 |
|
|
|c BK
|